[Event "U14 Polish Youth Championship"]
[Site "chess24.com"]
[Date "2018.05.04"]
[Round "8"]
[White "Luberanski, Jakub"]
[Black "Ochedzan, Tymon"]
[Result "1-0"]
[Board "19"]
[WhiteElo "1880"]
[WhiteCountry "POL"]
[WhiteFideId "21830509"]
[WhiteEloChange "14"]
[BlackElo "2047"]
[BlackTitle "CM"]
[BlackCountry "POL"]
[BlackFideId "21810389"]
[BlackEloChange "-14"]

1. e4 {[%clk 1:30:59]} c5 {[%clk 1:30:56]} 2. Nf3 {[%clk 1:31:20]} d6 {[%clk
1:31:21]} 3. d4 {[%clk 1:31:46]} cxd4 {[%clk 1:31:47]} 4. Nxd4 {[%clk 1:32:14]}
Nf6 {[%clk 1:32:07]} 5. Nc3 {[%clk 1:32:41]} a6 {[%clk 1:32:29]} 6. Be3 {[%clk
1:33:07]} e5 {[%clk 1:32:14]} 7. Nf3 {[%clk 1:31:01]} Be6 {[%clk 1:29:13]} 8. Ng5
{[%clk 1:31:15]} Be7 {[%clk 1:27:19]} 9. Nxe6 {[%clk 1:30:50]} fxe6 {[%clk
1:27:43]} 10. Bc4 {[%clk 1:31:11]} Qd7 {[%clk 1:23:18]} 11. Qf3 {[%clk 1:30:56]}
Nc6 {[%clk 1:06:28]} 12. Qh3 {[%clk 1:29:44]} Kf7 {[%clk 1:04:12]} 13. Rd1 {[%clk
1:13:41]} Na5 {[%clk 1:00:26]} 14. Be2 {[%clk 1:06:40]} Qc6 {[%clk 0:58:06]} 15.
f4 {[%clk 0:49:06]} Rhf8 {[%clk 0:53:54]} 16. O-O {[%clk 0:48:14]} Nc4 {[%clk
0:50:22]} 17. Bxc4 {[%clk 0:43:04]} Qxc4 {[%clk 0:50:31]} 18. fxe5 {[%clk
0:35:24]} dxe5 {[%clk 0:50:42]} 19. Bg5 {[%clk 0:34:32]} Kg8 {[%clk 0:48:42]} 20.
Bxf6 {[%clk 0:34:55]} Bxf6 {[%clk 0:48:11]} 21. Qd3 {[%clk 0:24:25]} Qc5+ {[%clk
0:46:09]} 22. Kh1 {[%clk 0:24:53]} Rad8 {[%clk 0:45:51]} 23. Qh3 {[%clk 0:19:48]}
Qc4 {[%clk 0:44:20]} 24. Qg4 {[%clk 0:11:22]} Bg5 {[%clk 0:36:51]} 25. Rxf8+
{[%clk 0:11:23]} Rxf8 {[%clk 0:37:13]} 26. h3 {[%clk 0:07:57]} Be3 {[%clk
0:32:30]} 27. Rd3 {[%clk 0:06:26]} Bd4 {[%clk 0:30:41]} 28. Kh2 {[%clk 0:06:30]}
b5 {[%clk 0:26:55]} 29. b3 {[%clk 0:04:58]} Qc6 {[%clk 0:26:54]} 30. Ne2 {[%clk
0:05:08]} Qxc2 {[%clk 0:25:05]} 31. Rg3 {[%clk 0:05:32]} Qc7 {[%clk 0:14:23]} 32.
Qxe6+ {[%clk 0:05:55]} Qf7 {[%clk 0:13:07]} 33. Qxa6 {[%clk 0:04:44]} Qf2 {[%clk
0:11:24]} 34. Qxb5 {[%clk 0:04:33]} g6 {[%clk 0:10:32]} 35. Qd5+ {[%clk 0:04:13]}
Kg7 {[%clk 0:10:51]} 36. Nxd4 {[%clk 0:04:34]} exd4 {[%clk 0:10:46]} 37. a4
{[%clk 0:04:53]} h5 {[%clk 0:10:20]} 38. Qe5+ {[%clk 0:03:21]} Kh7 {[%clk
0:10:36]} 39. Qe7+ {[%clk 0:03:39]} Rf7 {[%clk 0:10:29]} 40. Qg5 {[%clk 0:04:00]}
Rg7 {[%clk 0:10:12]} 41. e5 {[%clk 0:04:02]} Qe2 {[%clk 0:10:21]} 42. Qf4 {[%clk
0:03:21]} d3 {[%clk 0:10:27]} 43. Qe3 {[%clk 0:03:41]} h4 {[%clk 0:09:04]} 44.
Rf3 {[%clk 0:04:02]} Qxe3 {[%clk 0:07:36]} 45. Rxe3 {[%clk 0:04:26]} Rd7 {[%clk
0:07:55]} 46. Re1 {[%clk 0:04:07]} d2 {[%clk 0:07:45]} 47. Rd1 {[%clk 0:04:35]}
Kg7 {[%clk 0:07:30]} 48. a5 {[%clk 0:04:16]} Kf7 {[%clk 0:07:08]} 49. b4 {[%clk
0:04:27]} Rb7 {[%clk 0:06:21]} 50. Rxd2 {[%clk 0:04:08]} Rxb4 {[%clk 0:06:47]}
51. Rd5 {[%clk 0:04:29]} Ra4 {[%clk 0:05:49]} 52. Kg1 {[%clk 0:04:05]} Ra2 {[%clk
0:06:08]} 53. Rb5 {[%clk 0:04:20]} Ke7 {[%clk 0:04:06]} 54. Rb7+ {[%clk 0:04:35]}
Ke6 {[%clk 0:03:24]} 55. Rb6+ {[%clk 0:04:59]} Kf5 {[%clk 0:02:12]} 56. e6 {[%clk
0:05:09]} Rxa5 {[%clk 0:02:22]} 57. e7 {[%clk 0:05:26]} Re5 {[%clk 0:02:34]} 58.
Rb5 {[%clk 0:05:49]} Rxb5 {[%clk 0:02:00]} 59. e8Q {[%clk 0:06:09]} Re5 {[%clk
0:02:12]} 60. Qf7+ {[%clk 0:06:30]} Kg5 {[%clk 0:02:25]} 61. Qf3 {[%clk 0:06:33]}
Rf5 {[%clk 0:01:22]} 62. Qg4+ {[%clk 0:06:55]} Kf6 {[%clk 0:01:26]} 63. Qxh4+
{[%clk 0:07:21]} Kg7 {[%clk 0:01:46]} 64. g4 {[%clk 0:07:44]} Rf6 {[%clk
0:02:11]} 65. Kg2 {[%clk 0:08:01]} Rf7 {[%clk 0:02:31]} 66. g5 {[%clk 0:08:26]}
Rf5 {[%clk 0:02:58]} 67. Qh6+ {[%clk 0:08:49]} Kf7 {[%clk 0:03:18]} 68. Qh7+
{[%clk 0:09:15]} Ke6 {[%clk 0:03:44]} 69. Qxg6+ {[%clk 0:09:41]} Ke5 {[%clk
0:04:09]} 70. h4 {[%clk 0:10:05]} Kf4 {[%clk 0:04:35]} 71. Qxf5+ {[%clk 0:10:28]}
Kxf5 {[%clk 0:05:00]} 72. Kg3 {[%clk 0:10:52]} Kg6 {[%clk 0:05:25]} 73. Kg4
{[%clk 0:11:18]} Kg7 {[%clk 0:05:50]} 74. Kf5 {[%clk 0:11:44]} Kh7 {[%clk
0:06:16]} 75. Kf6 {[%clk 0:12:03]} Kg8 {[%clk 0:06:29]} 76. Kg6 {[%clk 0:12:28]}
Kh8 {[%clk 0:06:55]} 77. Kf7 {[%clk 0:12:54]} Kh7 {[%clk 0:07:21]} 78. g6+ {[%clk
0:13:21]} Kh6 {[%clk 0:07:44]} 79. g7 {[%clk 0:13:47]} Kh5 {[%clk 0:08:07]} 80.
g8Q {[%clk 0:14:12]} Kxh4 {[%clk 0:08:33]} 81. Kf6 {[%clk 0:14:37]} Kh3 {[%clk
0:08:59]} 82. Qg1 {[%clk 0:14:52]} Kh4 {[%clk 0:09:27]} 83. Qg2 {[%clk 0:15:16]}
Kh5 {[%clk 0:09:52]} 84. Qg5# {[%clk 0:15:16]} 1-0

[Event "U14 Polish Youth Championship"]
[Site "chess24.com"]
[Date "2018.05.04"]
[Round "8"]
[White "Trybus, Daniel"]
[Black "Kujawa, Krzysztof"]
[Result "1-0"]
[Board "20"]
[WhiteElo "1831"]
[WhiteCountry "POL"]
[WhiteFideId "21816131"]
[WhiteEloChange "4"]
[BlackElo "1595"]
[BlackCountry "POL"]
[BlackFideId "1194500"]
[BlackEloChange "-4"]

1. e4 {[%clk 1:30:49]} c6 {[%clk 1:30:40]} 2. d3 {[%clk 1:31:01]} d5 {[%clk
1:30:13]} 3. Nd2 {[%clk 1:31:25]} Nf6 {[%clk 1:24:56]} 4. g3 {[%clk 1:31:19]} e5
{[%clk 1:17:54]} 5. Bg2 {[%clk 1:30:37]} Bc5 {[%clk 1:01:56]} 6. Ngf3 {[%clk
1:30:00]} Qc7 {[%clk 1:02:06]} 7. O-O {[%clk 1:29:50]} O-O {[%clk 1:02:16]} 8. a4
{[%clk 1:20:56]} Bg4 {[%clk 1:00:36]} 9. Qe1 {[%clk 1:19:38]} Nbd7 {[%clk
0:58:05]} 10. Nh4 {[%clk 1:18:44]} Rfe8 {[%clk 0:47:53]} 11. Nb3 {[%clk 1:16:40]}
Bd6 {[%clk 0:45:22]} 12. Kh1 {[%clk 1:15:58]} Nc5 {[%clk 0:41:36]} 13. Nxc5
{[%clk 1:14:22]} Bxc5 {[%clk 0:41:58]} 14. Bg5 {[%clk 1:13:35]} Be7 {[%clk
0:37:07]} 15. h3 {[%clk 1:05:05]} Be6 {[%clk 0:36:21]} 16. Qe2 {[%clk 1:03:49]}
dxe4 {[%clk 0:30:37]} 17. dxe4 {[%clk 1:03:50]} h6 {[%clk 0:30:01]} 18. Be3
{[%clk 1:03:59]} b6 {[%clk 0:28:22]} 19. Nf5 {[%clk 1:03:44]} Rad8 {[%clk
0:24:28]} 20. Nxe7+ {[%clk 1:00:41]} Rxe7 {[%clk 0:24:15]} 21. f4 {[%clk
0:59:19]} exf4 {[%clk 0:22:20]} 22. gxf4 {[%clk 0:59:42]} Rde8 {[%clk 0:20:53]}
23. e5 {[%clk 0:49:23]} Nd5 {[%clk 0:19:25]} 24. Bg1 {[%clk 0:49:05]} Qd7 {[%clk
0:18:07]} 25. Rad1 {[%clk 0:46:49]} Qc8 {[%clk 0:16:36]} 26. Qf3 {[%clk 0:45:11]}
Nb4 {[%clk 0:15:00]} 27. Qe4 {[%clk 0:42:50]} Bd5 {[%clk 0:14:12]} 28. Rxd5
{[%clk 0:32:13]} Nxd5 {[%clk 0:14:28]} 29. Bh2 {[%clk 0:24:56]} f6 {[%clk
0:05:49]} 30. c4 {[%clk 0:23:13]} f5 {[%clk 0:04:51]} 31. Qd4 {[%clk 0:18:11]}
Nb4 {[%clk 0:03:28]} 32. Qd6 {[%clk 0:18:27]} c5 {[%clk 0:03:26]} 33. Qg6 {[%clk
0:13:01]} Rd8 {[%clk 0:02:44]} 34. Bg3 {[%clk 0:12:15]} Qe6 {[%clk 0:02:23]} 35.
Qh5 {[%clk 0:12:30]} Rd2 {[%clk 0:02:24]} 36. Bh4 {[%clk 0:12:22]} Red7 {[%clk
0:02:27]} 37. Rg1 {[%clk 0:09:31]} Rxb2 {[%clk 0:02:01]} 38. Bf6 {[%clk 0:03:41]}
Kh8 {[%clk 0:01:06]} 39. Qxh6+ {[%clk 0:03:54]} Kg8 {[%clk 0:01:16]} 40. Bd5
{[%clk 0:04:14]} Qxd5+ {[%clk 0:00:38]} 41. cxd5 {[%clk 0:04:38]} 1-0

[Event "U14 Polish Youth Championship"]
[Site "chess24.com"]
[Date "2018.05.04"]
[Round "8"]
[White "Kozlowski, Michal"]
[Black "Kalkowski, Igor"]
[Result "1-0"]
[Board "21"]
[WhiteElo "1648"]
[WhiteCountry "POL"]
[WhiteFideId "21838194"]
[WhiteEloChange "12"]
[BlackElo "1720"]
[BlackCountry "POL"]
[BlackFideId "21833966"]
[BlackEloChange "-12"]

1. e4 {[%clk 1:30:59]} c5 {[%clk 1:30:54]} 2. Nf3 {[%clk 1:31:25]} e6 {[%clk
1:31:17]} 3. d4 {[%clk 1:31:45]} cxd4 {[%clk 1:31:36]} 4. Nxd4 {[%clk 1:32:10]}
Nc6 {[%clk 1:31:50]} 5. Be3 {[%clk 1:24:37]} Qc7 {[%clk 1:27:44]} 6. Be2 {[%clk
1:13:38]} a6 {[%clk 1:27:14]} 7. O-O {[%clk 1:07:01]} Nf6 {[%clk 1:26:29]} 8. Nc3
{[%clk 1:05:35]} Bb4 {[%clk 1:25:53]} 9. f3 {[%clk 1:00:03]} Bxc3 {[%clk
1:24:18]} 10. bxc3 {[%clk 1:00:27]} d5 {[%clk 1:18:58]} 11. Bg5 {[%clk 0:35:00]}
Qe5 {[%clk 1:08:30]} 12. Bxf6 {[%clk 0:33:53]} gxf6 {[%clk 1:07:10]} 13. Nxc6
{[%clk 0:28:09]} bxc6 {[%clk 1:04:38]} 14. Qd4 {[%clk 0:27:44]} Rg8 {[%clk
0:49:08]} 15. Qxe5 {[%clk 0:26:13]} fxe5 {[%clk 0:49:26]} 16. Rab1 {[%clk
0:21:19]} Kd8 {[%clk 0:46:14]} 17. Bd3 {[%clk 0:18:36]} Rg7 {[%clk 0:38:36]} 18.
f4 {[%clk 0:13:13]} f5 {[%clk 0:34:16]} 19. exf5 {[%clk 0:05:58]} e4 {[%clk
0:33:11]} 20. fxe6 {[%clk 0:04:49]} exd3 {[%clk 0:30:41]} 21. f5 {[%clk 0:05:13]}
dxc2 {[%clk 0:22:02]} 22. Rbe1 {[%clk 0:05:37]} Bxe6 {[%clk 0:19:23]} 23. fxe6
{[%clk 0:04:19]} Ke7 {[%clk 0:19:29]} 24. Rf2 {[%clk 0:04:22]} c1Q {[%clk
0:19:10]} 25. Rxc1 {[%clk 0:04:45]} Kxe6 {[%clk 0:19:20]} 26. Rd2 {[%clk
0:04:11]} Rf8 {[%clk 0:10:14]} 27. g3 {[%clk 0:04:20]} Rg4 {[%clk 0:09:46]} 28.
Kg2 {[%clk 0:04:23]} Re4 {[%clk 0:09:26]} 29. Rb2 {[%clk 0:04:34]} Ra4 {[%clk
0:08:52]} 30. Rcc2 {[%clk 0:04:59]} Rf7 {[%clk 0:08:17]} 31. Rb8 {[%clk 0:05:18]}
Kd6 {[%clk 0:06:52]} 32. h3 {[%clk 0:05:04]} Kc5 {[%clk 0:07:04]} 33. g4 {[%clk
0:05:17]} Ra3 {[%clk 0:03:29]} 34. h4 {[%clk 0:01:56]} Kc4 {[%clk 0:03:00]} 35.
Rc8 {[%clk 0:01:36]} Rf6 {[%clk 0:02:16]} 36. g5 {[%clk 0:01:47]} Rg6 {[%clk
0:02:10]} 37. Rh8 {[%clk 0:01:22]} Rxc3 {[%clk 0:01:41]} 38. Rxc3+ {[%clk
0:01:16]} Kxc3 {[%clk 0:02:09]} 39. Rxh7 {[%clk 0:01:39]} d4 {[%clk 0:01:57]} 40.
Rh6 {[%clk 0:01:41]} Rg8 {[%clk 0:01:00]} 41. Rxc6+ {[%clk 0:02:05]} Kb2 {[%clk
0:00:18]} 42. Rxa6 {[%clk 0:02:29]} d3 {[%clk 0:00:18]} 43. Rb6+ {[%clk 0:02:48]}
1-0

[Event "U14 Polish Youth Championship"]
[Site "chess24.com"]
[Date "2018.05.04"]
[Round "8"]
[White "Haliniak, Wojciech"]
[Black "Bartoszewski-Reiski, Olaf"]
[Result "1-0"]
[Board "22"]
[WhiteElo "1614"]
[WhiteCountry "POL"]
[WhiteFideId "21838461"]
[WhiteEloChange "12"]
[BlackElo "1668"]
[BlackCountry "POL"]
[BlackFideId "21819351"]
[BlackEloChange "-12"]

1. e4 {[%clk 1:30:57]} c5 {[%clk 1:30:40]} 2. Nc3 {[%clk 1:31:19]} Nc6 {[%clk
1:31:03]} 3. f4 {[%clk 1:31:40]} g6 {[%clk 1:31:21]} 4. Nf3 {[%clk 1:32:01]} Bg7
{[%clk 1:27:10]} 5. Bc4 {[%clk 1:32:23]} e6 {[%clk 1:27:35]} 6. f5 {[%clk
1:32:27]} Nge7 {[%clk 1:26:40]} 7. fxg6 {[%clk 1:27:49]} fxg6 {[%clk 1:25:43]} 8.
d3 {[%clk 1:27:20]} O-O {[%clk 1:24:43]} 9. O-O {[%clk 1:26:26]} d5 {[%clk
1:23:46]} 10. Bb3 {[%clk 1:23:40]} Kh8 {[%clk 1:12:47]} 11. Qe1 {[%clk 1:14:19]}
Nd4 {[%clk 1:05:54]} 12. Ng5 {[%clk 1:08:33]} Nxb3 {[%clk 1:04:16]} 13. axb3
{[%clk 1:05:40]} Rxf1+ {[%clk 1:04:03]} 14. Qxf1 {[%clk 1:05:31]} Qe8 {[%clk
1:02:58]} 15. Qf3 {[%clk 0:53:50]} d4 {[%clk 1:00:52]} 16. Na4 {[%clk 0:48:59]}
b6 {[%clk 0:59:51]} 17. Nxb6 {[%clk 0:47:40]} Rb8 {[%clk 0:58:59]} 18. Nxc8
{[%clk 0:44:55]} Nxc8 {[%clk 0:58:57]} 19. Qh3 {[%clk 0:44:50]} h5 {[%clk
0:57:20]} 20. Qxe6 {[%clk 0:41:58]} Qxe6 {[%clk 0:55:59]} 21. Nxe6 {[%clk
0:42:22]} Rb6 {[%clk 0:55:55]} 22. Nxc5 {[%clk 0:42:05]} Rc6 {[%clk 0:56:16]} 23.
b4 {[%clk 0:42:04]} Bf8 {[%clk 0:56:17]} 24. Ra6 {[%clk 0:42:09]} Nb6 {[%clk
0:56:28]} 25. Rxa7 {[%clk 0:38:26]} Bxc5 {[%clk 0:56:37]} 26. bxc5 {[%clk
0:38:48]} Rxc5 {[%clk 0:57:03]} 27. Bf4 {[%clk 0:38:55]} Nc8 {[%clk 0:56:45]} 28.
Rd7 {[%clk 0:38:44]} Rxc2 {[%clk 0:56:35]} 29. Be5+ {[%clk 0:38:45]} Kg8 {[%clk
0:56:55]} 30. Bxd4 {[%clk 0:39:00]} Rc6 {[%clk 0:57:01]} 31. b4 {[%clk 0:37:42]}
Nd6 {[%clk 0:57:14]} 32. Rg7+ {[%clk 0:36:55]} Kf8 {[%clk 0:57:34]} 33. Rxg6
{[%clk 0:37:08]} Rc1+ {[%clk 0:57:58]} 34. Kf2 {[%clk 0:37:26]} Nf7 {[%clk
0:58:22]} 35. b5 {[%clk 0:37:27]} 1-0

[Event "U14 Polish Youth Championship"]
[Site "chess24.com"]
[Date "2018.05.04"]
[Round "8"]
[White "Czarnomski, Dominik"]
[Black "Topola, Rafal"]
[Result "1-0"]
[Board "23"]
[WhiteElo "1554"]
[WhiteCountry "POL"]
[WhiteFideId "21836086"]
[WhiteEloChange "13"]
[BlackElo "1660"]
[BlackCountry "POL"]
[BlackFideId "21830533"]
[BlackEloChange "-13"]

1. e4 {[%clk 1:30:58]} c5 {[%clk 1:30:55]} 2. c4 {[%clk 1:31:25]} e6 {[%clk
1:31:16]} 3. Nc3 {[%clk 1:31:50]} Nc6 {[%clk 1:31:40]} 4. g3 {[%clk 1:32:05]} Nf6
{[%clk 1:31:23]} 5. Bg2 {[%clk 1:32:03]} d6 {[%clk 1:31:24]} 6. d3 {[%clk
1:32:17]} Rb8 {[%clk 1:31:19]} 7. Nge2 {[%clk 1:31:34]} a6 {[%clk 1:31:41]} 8. a4
{[%clk 1:31:53]} b6 {[%clk 1:30:51]} 9. O-O {[%clk 1:30:05]} Bb7 {[%clk 1:31:05]}
10. h3 {[%clk 1:23:01]} Be7 {[%clk 1:27:47]} 11. Be3 {[%clk 1:21:42]} d5 {[%clk
1:25:22]} 12. exd5 {[%clk 1:15:35]} exd5 {[%clk 1:25:44]} 13. Bf4 {[%clk
1:04:06]} Bd6 {[%clk 1:25:37]} 14. Nxd5 {[%clk 1:02:37]} Nxd5 {[%clk 1:24:32]}
15. Bxd5 {[%clk 1:02:58]} Nb4 {[%clk 1:24:54]} 16. Bxb7 {[%clk 0:49:53]} Rxb7
{[%clk 1:22:57]} 17. d4 {[%clk 0:45:27]} Bxf4 {[%clk 1:22:54]} 18. Nxf4 {[%clk
0:45:43]} Qxd4 {[%clk 1:12:40]} 19. Re1+ {[%clk 0:44:20]} Kf8 {[%clk 1:03:52]}
20. Qf3 {[%clk 0:42:13]} 1-0

[Event "U14 Polish Youth Championship"]
[Site "chess24.com"]
[Date "2018.05.04"]
[Round "8"]
[White "Czarniecki, Pawel"]
[Black "Sieczkowski, Adam"]
[Result "1/2-1/2"]
[Board "24"]
[WhiteElo "1412"]
[WhiteCountry "POL"]
[WhiteFideId "21810109"]
[WhiteEloChange "7"]
[BlackElo "1695"]
[BlackCountry "POL"]
[BlackFideId "21835250"]
[BlackEloChange "-7"]

1. e4 {[%clk 1:30:58]} c5 {[%clk 1:30:22]} 2. Nf3 {[%clk 1:31:22]} a6 {[%clk
1:30:49]} 3. d4 {[%clk 1:31:27]} cxd4 {[%clk 1:31:15]} 4. Nxd4 {[%clk 1:31:52]}
Nf6 {[%clk 1:31:41]} 5. Nc3 {[%clk 1:32:15]} e5 {[%clk 1:32:07]} 6. Nb3 {[%clk
1:32:38]} Bb4 {[%clk 1:32:28]} 7. Bd2 {[%clk 1:31:16]} Bxc3 {[%clk 1:32:05]} 8.
Bxc3 {[%clk 1:31:38]} Nxe4 {[%clk 1:31:56]} 9. Qd5 {[%clk 1:31:28]} Nxc3 {[%clk
1:32:15]} 10. Qxe5+ {[%clk 1:31:52]} Qe7 {[%clk 1:32:41]} 11. Qxe7+ {[%clk
1:32:13]} Kxe7 {[%clk 1:33:07]} 12. bxc3 {[%clk 1:32:28]} Re8 {[%clk 1:33:10]}
13. O-O-O {[%clk 1:30:46]} d6 {[%clk 1:27:15]} 14. g3 {[%clk 1:29:21]} Nc6 {[%clk
1:26:40]} 15. Bg2 {[%clk 1:29:42]} Bg4 {[%clk 1:26:43]} 16. Rde1+ {[%clk
1:27:29]} Kd7 {[%clk 1:27:05]} 17. Nd4 {[%clk 1:23:01]} Rac8 {[%clk 1:25:33]} 18.
Kd2 {[%clk 1:12:22]} Nxd4 {[%clk 1:15:06]} 19. cxd4 {[%clk 1:12:42]} b5 {[%clk
1:15:34]} 20. Bb7 {[%clk 1:05:45]} Rb8 {[%clk 1:10:23]} 21. Bg2 {[%clk 1:01:52]}
Rbc8 {[%clk 0:54:55]} 22. c3 {[%clk 0:54:20]} Be6 {[%clk 0:50:12]} 23. a3 {[%clk
0:53:28]} Rc4 {[%clk 0:45:47]} 24. Re3 {[%clk 0:52:54]} Ra4 {[%clk 0:44:48]} 25.
Ra1 {[%clk 0:51:19]} Kc7 {[%clk 0:39:10]} 26. Bd5 {[%clk 0:44:38]} Kd7 {[%clk
0:36:22]} 27. Bf3 {[%clk 0:42:35]} Kc7 {[%clk 0:31:47]} 28. Bd5 {[%clk 0:40:36]}
Kd7 {[%clk 0:31:57]} 29. Bf3 {[%clk 0:40:50]} Re7 {[%clk 0:25:52]} 30. Bd1 {[%clk
0:33:01]} Ra5 {[%clk 0:25:56]} 1/2-1/2

[Event "U14 Polish Youth Championship"]
[Site "chess24.com"]
[Date "2018.05.04"]
[Round "8"]
[White "Jozefik, Aleksander"]
[Black "Michalski, Adrian"]
[Result "1/2-1/2"]
[Board "25"]
[WhiteElo "1266"]
[WhiteCountry "POL"]
[WhiteFideId "21862184"]
[WhiteEloChange "3"]
[BlackElo "1355"]
[BlackCountry "POL"]
[BlackFideId "21836140"]
[BlackEloChange "-3"]

1. e4 {[%clk 1:30:57]} e5 {[%clk 1:30:56]} 2. Nf3 {[%clk 1:30:09]} Nc6 {[%clk
1:31:18]} 3. Bb5 {[%clk 1:29:59]} Nd4 {[%clk 1:31:36]} 4. Nxd4 {[%clk 1:29:08]}
exd4 {[%clk 1:32:02]} 5. O-O {[%clk 1:29:26]} c6 {[%clk 1:30:35]} 6. Bc4 {[%clk
1:28:08]} d6 {[%clk 1:24:42]} 7. c3 {[%clk 1:26:28]} Nf6 {[%clk 1:20:22]} 8. Bb3
{[%clk 1:25:04]} Be7 {[%clk 1:16:46]} 9. d3 {[%clk 1:25:12]} dxc3 {[%clk
1:17:10]} 10. Nxc3 {[%clk 1:25:37]} Be6 {[%clk 1:14:19]} 11. Be3 {[%clk 1:24:26]}
Bxb3 {[%clk 1:12:08]} 12. Qxb3 {[%clk 1:24:45]} Qd7 {[%clk 1:09:57]} 13. h3
{[%clk 1:24:49]} O-O {[%clk 1:09:23]} 14. Rac1 {[%clk 1:23:06]} Kh8 {[%clk
1:06:48]} 15. Rfd1 {[%clk 1:21:53]} d5 {[%clk 1:06:42]} 16. e5 {[%clk 1:21:45]}
Ne8 {[%clk 1:06:25]} 17. d4 {[%clk 1:21:57]} Nc7 {[%clk 1:06:51]} 18. Ne2 {[%clk
1:19:32]} Rab8 {[%clk 1:03:56]} 19. Rc2 {[%clk 1:18:18]} Ne6 {[%clk 1:02:07]} 20.
f4 {[%clk 1:18:11]} Rfc8 {[%clk 0:59:33]} 21. Rdc1 {[%clk 1:16:04]} g6 {[%clk
0:59:44]} 22. Qd3 {[%clk 1:15:23]} Ng7 {[%clk 0:59:56]} 23. Kh1 {[%clk 1:14:51]}
h5 {[%clk 1:00:10]} 24. Rg1 {[%clk 1:11:11]} Bh4 {[%clk 1:00:00]} 25. Kh2 {[%clk
1:10:36]} Qf5 {[%clk 0:59:52]} 26. Qxf5 {[%clk 1:09:47]} Nxf5 {[%clk 1:00:15]}
27. Bc1 {[%clk 1:09:05]} Bf2 {[%clk 1:00:27]} 28. Rd1 {[%clk 1:09:13]} Kg7 {[%clk
0:57:13]} 29. g4 {[%clk 1:05:38]} hxg4 {[%clk 0:56:30]} 30. hxg4 {[%clk 1:06:02]}
Nh4 {[%clk 0:56:57]} 31. Ng1 {[%clk 1:01:47]} Bxg1+ {[%clk 0:52:25]} 32. Kxg1
{[%clk 1:01:45]} Rh8 {[%clk 0:52:44]} 33. Kf2 {[%clk 1:02:02]} Rbe8 {[%clk
0:51:53]} 34. Kg3 {[%clk 1:00:54]} Rh7 {[%clk 0:51:55]} 35. Rh2 {[%clk 1:00:45]}
Reh8 {[%clk 0:52:21]} 36. Rdh1 {[%clk 1:00:38]} g5 {[%clk 0:52:20]} 37. fxg5
{[%clk 1:00:52]} Ng6 {[%clk 0:52:48]} 38. Rxh7+ {[%clk 1:00:21]} Rxh7 {[%clk
0:53:13]} 39. Rxh7+ {[%clk 1:00:44]} Kxh7 {[%clk 0:53:38]} 40. Bd2 {[%clk
1:00:38]} Nf8 {[%clk 0:54:02]} 41. Kf3 {[%clk 0:56:47]} Ne6 {[%clk 0:53:29]} 42.
Be3 {[%clk 0:57:11]} Kg6 {[%clk 0:52:58]} 43. Ke2 {[%clk 0:57:18]} b6 {[%clk
0:43:41]} 44. b4 {[%clk 0:56:37]} b5 {[%clk 0:44:01]} 45. Kf3 {[%clk 0:56:21]}
1/2-1/2

[Event "U14 Polish Youth Championship"]
[Site "chess24.com"]
[Date "2018.05.04"]
[Round "8"]
[White "Wojtasik, Szymon"]
[Black "Bukala, Norbert"]
[Result "0-1"]
[Board "26"]
[WhiteElo "1329"]
[WhiteCountry "POL"]
[WhiteFideId "21813990"]
[WhiteEloChange "-7"]
[BlackElo "1453"]
[BlackCountry "POL"]
[BlackFideId "21819971"]
[BlackEloChange "7"]

1. e4 {[%clk 1:30:59]} e6 {[%clk 1:30:55]} 2. d4 {[%clk 1:31:25]} d5 {[%clk
1:31:21]} 3. Nc3 {[%clk 1:31:51]} Nf6 {[%clk 1:31:40]} 4. Qd3 {[%clk 1:31:27]} h6
{[%clk 1:08:34]} 5. e5 {[%clk 1:27:13]} Nfd7 {[%clk 1:07:40]} 6. f4 {[%clk
1:24:41]} c5 {[%clk 1:05:36]} 7. Nge2 {[%clk 1:16:18]} Nc6 {[%clk 1:04:33]} 8.
Be3 {[%clk 1:10:31]} a6 {[%clk 0:58:59]} 9. a4 {[%clk 1:07:00]} Rb8 {[%clk
0:57:22]} 10. Bf2 {[%clk 1:03:26]} c4 {[%clk 0:43:13]} 11. Qf3 {[%clk 1:00:19]}
Nb4 {[%clk 0:33:09]} 12. Kd1 {[%clk 0:49:56]} b5 {[%clk 0:26:42]} 13. axb5 {[%clk
0:41:50]} axb5 {[%clk 0:25:42]} 14. g4 {[%clk 0:40:47]} Bb7 {[%clk 0:16:35]} 15.
Bh3 {[%clk 0:32:32]} Be7 {[%clk 0:12:15]} 16. f5 {[%clk 0:32:11]} O-O {[%clk
0:09:15]} 17. Qg3 {[%clk 0:26:02]} Ra8 {[%clk 0:06:00]} 18. Kd2 {[%clk 0:24:32]}
Bg5+ {[%clk 0:05:42]} 19. Be3 {[%clk 0:23:40]} Qe7 {[%clk 0:04:16]} 20. Bg2
{[%clk 0:20:32]} Nc6 {[%clk 0:03:35]} 21. h4 {[%clk 0:20:07]} Rxa1 {[%clk
0:03:37]} 22. Rxa1 {[%clk 0:20:18]} Bxh4 {[%clk 0:04:01]} 23. Qh2 {[%clk
0:20:03]} b4 {[%clk 0:03:27]} 24. Nb5 {[%clk 0:19:33]} Bg5 {[%clk 0:03:16]} 25.
Nf4 {[%clk 0:17:13]} c3+ {[%clk 0:02:59]} 26. bxc3 {[%clk 0:17:16]} bxc3+ {[%clk
0:03:26]} 27. Nxc3 {[%clk 0:16:57]} Nb6 {[%clk 0:03:02]} 28. Bf1 {[%clk 0:15:09]}
Qb4 {[%clk 0:02:30]} 29. Rb1 {[%clk 0:13:40]} Qa5 {[%clk 0:02:36]} 30. Rb5 {[%clk
0:13:47]} Qa7 {[%clk 0:01:54]} 31. Qf2 {[%clk 0:11:28]} Na5 {[%clk 0:02:02]} 32.
Nb1 {[%clk 0:06:02]} Nac4+ {[%clk 0:02:08]} 33. Bxc4 {[%clk 0:05:37]} Nxc4+
{[%clk 0:02:35]} 34. Ke1 {[%clk 0:03:58]} Bc6 {[%clk 0:01:55]} 35. Rb4 {[%clk
0:03:45]} Qe7 {[%clk 0:01:46]} 36. Rxc4 {[%clk 0:01:22]} Bh4 {[%clk 0:01:57]} 37.
Rxc6 {[%clk 0:01:37]} Bxf2+ {[%clk 0:02:22]} 38. Kxf2 {[%clk 0:01:11]} Qb7 {[%clk
0:02:35]} 39. Rc5 {[%clk 0:00:35]} Qxb1 {[%clk 0:02:49]} 40. f6 {[%clk 0:00:31]}
Qb7 {[%clk 0:01:38]} 41. fxg7 {[%clk 0:00:42]} Kxg7 {[%clk 0:01:56]} 42. Nh5+
{[%clk 0:01:06]} Kg6 {[%clk 0:01:50]} 43. Nf4+ {[%clk 0:01:24]} Kh7 {[%clk
0:01:13]} 44. Nh5 {[%clk 0:01:46]} Rc8 {[%clk 0:01:06]} 45. Nf6+ {[%clk 0:01:44]}
Kg6 {[%clk 0:01:08]} 46. Ke2 {[%clk 0:00:43]} Rxc5 {[%clk 0:01:09]} 47. dxc5
{[%clk 0:01:12]} Qb5+ {[%clk 0:01:13]} 48. Kd2 {[%clk 0:00:40]} Qb2 {[%clk
0:00:41]} 49. Nd7 {[%clk 0:00:33]} d4 {[%clk 0:00:42]} 50. Bf2 {[%clk 0:00:34]}
Qc3+ {[%clk 0:00:44]} 51. Kc1 {[%clk 0:00:55]} d3 {[%clk 0:00:40]} 52. Nf8+
{[%clk 0:00:37]} Kg7 {[%clk 0:00:54]} 53. Nxe6+ {[%clk 0:00:30]} fxe6 {[%clk
0:01:18]} 54. Kb1 {[%clk 0:00:57]} Qxc2+ {[%clk 0:01:40]} 55. Ka1 {[%clk
0:01:16]} Qxf2 {[%clk 0:02:02]} 56. g5 {[%clk 0:01:22]} hxg5 {[%clk 0:02:19]} 57.
c6 {[%clk 0:01:48]} d2 {[%clk 0:02:35]} 58. c7 {[%clk 0:02:13]} d1R# {[%clk
0:02:51]} 0-1